Country Flags with the Fewest Colours A-Z - Statistics

General Stats
  • This quiz has been taken 59,031 times
    58,964 since last reset
  • The average score is 23 of 24
Answer Stats
Picture Hint Answer % Correct
C:2 Canada/China
100%
I:2 Indonesia/Israel
99%
J:2 Japan
99%
A: 2 Afghanistan/Albania/Austria
98%
D: 2 Denmark
98%
F:2 Finland
98%
G:2 Georgia/Greece
98%
P:2 Pakistan/Palau/Peru/Poland
98%
S 2 Somalia/Sweden & 3 others
98%
T:2 Tonga/Tunisia/Turkey
97%
N:2 Nigeria/North Macedonia
96%
Q:2 Qatar
96%
R:3 Romania/Russia/Rwanda + 1 other
96%
U:2 Ukraine
96%
V:2 Vietnam
96%
E:3 Estonia
95%
B:2 Bangladesh/Bahrain
94%
K:2 Kazakhstan/Kyrgyzstan
94%
Y:3 Yemen
94%
M:2 Monaco/Morocco
93%
H:2 Honduras
91%
L:2 Latvia
91%
O:3 Oman
91%
Z:4 Zambia
90%
No matching quizzes found
Score Distribution
Percent of People with Each Score
Percentile by Number Answered
Your Score History
You have not taken this quiz since the last reset